000 00735nam a2200181Ia 4500
008 151018s9999 xx 000 0 und d
082 _bRBASDV29916
_a891.433
100 _aबलराम अग्रवाल
245 _aप्रेमचंद कि सर्वश्रेष्ठ कहानियाँ
250 _b1
260 _bसाक्षी
_c1998
300 _a176
600 _aबलराम अग्रवाल
630 _aप्रेमचंद कि सर्वश्रेष्ठ कहानियाँ
700 _aबलराम अग्रवाल
730 _aप्रेमचंद कि सर्वश्रेष्ठ कहानियाँ
942 _cBOOK
999 _c1029460
_d1029457